|
|
|
|
| LEADER |
01538cas a2200241 a 4500 |
| 001 |
AALejournalIMF007343 |
| 008 |
230101c9999 xx r poo 0 0eng d |
| 020 |
|
|
|c 5.00 USD
|
| 020 |
|
|
|z 9781451854664
|
| 022 |
|
|
|a 1018-5941
|
| 040 |
|
|
|a BD-DhAAL
|c BD-DhAAL
|
| 100 |
1 |
|
|a Nedde, Ellen.
|
| 245 |
1 |
0 |
|a Welfare Reform in the United States /
|c Ellen Nedde.
|
| 264 |
|
1 |
|a Washington, D.C. :
|b International Monetary Fund,
|c 1995.
|
| 300 |
|
|
|a 1 online resource (22 pages)
|
| 490 |
1 |
|
|a IMF Working Papers
|
| 500 |
|
|
|a <strong>Off-Campus Access:</strong> No User ID or Password Required
|
| 500 |
|
|
|a <strong>On-Campus Access:</strong> No User ID or Password Required
|
| 506 |
|
|
|a Electronic access restricted to authorized BRAC University faculty, staff and students
|
| 520 |
3 |
|
|a This paper reviews the structure and trends of the U.S. welfare system and the U.S. Administration's reform proposals. It shows that, despite the attention the program receives, the welfare program is actually quite small and has experienced moderate rates of growth. However, the system does face serious problems. In particular, its structure sets up strong financial disincentives to paid employment and saving at the same time that its low level of benefits fails to lift low-income children and their families out of poverty.
|
| 538 |
|
|
|a Mode of access: Internet
|
| 830 |
|
0 |
|a IMF Working Papers; Working Paper ;
|v No. 1995/124
|
| 856 |
4 |
0 |
|z Full text available on IMF
|u http://elibrary.imf.org/view/journals/001/1995/124/001.1995.issue-124-en.xml
|z IMF e-Library
|